000 00990nam a2200241 a 4500
001 74166
003 BD-RjUL
005 20211209082515.0
008 180313t20101985bg afd|| b||| 00| 0 ben d
020 _a9847008400972
_cTk. 250.00
035 _a(BD-RjUL)74384
040 _aBD-RjUL
_beng
_cBD-RjUL
041 _aben
082 _223
_a297.0954
_bAHB 2010
100 1 _aআহমদ, ওয়াকিল
_9220530
245 1 0 _aবাংলার মুসলিম বুদ্ধিজীবি (১৭৫৭ - ১৮৫৭) /
_cওয়াকিল আহমদ,
260 _aঢাকা :
_bশোভা প্রকাশ ,
_c১৯৮৫, ২০১০
300 _a২৬২ পৃ. :
_bছবি ;
_c২২ সেমি.
504 _aগ্রন্থপঞ্জি সংযোজিত
650 _aমুসলমান
_zবেঙ্গল
_vবুদ্ধিজীবি জীবন
_9220531
650 _aMuslim
_zBengal
_vIntellectual Life
_9220532
942 _2ddc
_cBK
999 _c74166
_d74166